000 00715cam a2200241 a 4500
005 20260322212059.0
008 data
010 _a 98206656
020 _a1573181218
020 _a9781573181211
040 _aUM
_cUM
_dDLC
_dDLC
042 _alccopycat
050 0 0 _aPS3515.U1417
_bA77 1998
082 0 0 _a813/.52
_221
100 1 _aHubbard, L. Ron
_d1911-1986.
_q(La Fayette Ron),
245 1 0 _aAi! Pedrito! :
_bwhen intelligence goes wrong /
_cL. Ron Hubbard & Kevin J. Anderson.
260 _aLos Angeles :
_bBridge Publications,
_cc1998.
300 _ax, 370 p. ;
_c25 cm.
655 7 _aAutobiographical fiction.
_2gsafd
655 7 _aSpy stories.
_2gsafd
700 1 _aAnderson, Kevin J.,
_d1962-
001 data
999 _c1419
_d1419